L'amoureuse aventure : (Record no. 294448)
[ view plain ]
| 000 -LEADER | |
|---|---|
| fixed length control field | 00935nam a2200265 u 4500 |
| 001 - CONTROL NUMBER | |
| control field | 000812885 |
| 003 - CONTROL NUMBER IDENTIFIER | |
| control field | AM-YeHGA |
| 005 - DATE AND TIME OF LATEST TRANSACTION | |
| control field | 20250617144442.0 |
| 008 - FIXED-LENGTH DATA ELEMENTS--GENERAL INFORMATION | |
| fixed length control field | 110527s1929 fr r 000 0 fre d |
| 040 ## - CATALOGING SOURCE | |
| Original cataloging agency | AM-YeHGA |
| 041 0# - LANGUAGE CODE | |
| Language code of text/sound track or separate title | fre |
| 090 ## - LOCALLY ASSIGNED LC-TYPE CALL NUMBER (OCLC); LOCAL CALL NUMBER (RLIN) | |
| -- | 296137 |
| 100 1# - MAIN ENTRY--PERSONAL NAME | |
| Personal name | Armont, Paul |
| 245 12 - TITLE STATEMENT | |
| Title | L'amoureuse aventure : |
| Remainder of title | comedie en trois actes et six tableaux / |
| Statement of responsibility, etc. | P. Armont et M. Gerbidon. |
| 260 ## - PUBLICATION, DISTRIBUTION, ETC. | |
| Place of publication, distribution, etc. | Paris : |
| Name of publisher, distributor, etc. | [Impr. de l'Illustration], |
| Date of publication, distribution, etc. | 1929. |
| 300 ## - PHYSICAL DESCRIPTION | |
| Extent | 32 p. : |
| Other physical details | ill ; |
| Dimensions | 30 cm. |
| 490 1# - SERIES STATEMENT | |
| Series statement | La Petite Illustration |
| Volume/sequential designation | No. 422, 9 mars 1929 |
| Series statement | Theatre |
| Volume/sequential designation | No 225. |
| 500 ## - GENERAL NOTE | |
| General note | "L'Amoureuse aventure" a ete representee pour la premiere fois au theatre Edouard VII, le 17 janvier 1929. |
| 500 ## - GENERAL NOTE | |
| General note | Illustrated covers. |
| 500 ## - GENERAL NOTE | |
| General note | Without music. |
| 650 14 - SUBJECT ADDED ENTRY--TOPICAL TERM | |
| Topical term or geographic name entry element | French drama |
| Chronological subdivision | 20th century. |
| 700 1# - ADDED ENTRY--PERSONAL NAME | |
| Personal name | Gerbidon, Marcel |
| 830 #0 - SERIES ADDED ENTRY--UNIFORM TITLE | |
| Uniform title | Petite illustration ; |
| Volume/sequential designation | No. 422 |
| 830 #0 - SERIES ADDED ENTRY--UNIFORM TITLE | |
| Uniform title | Petite illustration. |
| Name of part/section of a work | Theatre ; |
| Volume/sequential designation | No. 225 |
| Withdrawn status | Lost status | Source of classification or shelving scheme | Damaged status | Not for loan | Collection | Home library | Current library | Date acquired | Total checkouts | Full call number | Barcode | Date last seen | Price effective from | Koha item type | Public note |
|---|---|---|---|---|---|---|---|---|---|---|---|---|---|---|---|
| Universal Decimal Classification | Merdinian Individual Collection | Fundamental Scientific Library | Fundamental Scientific Library | 29/12/2016 | Merd/2575 | FL0195134 | 29/12/2016 | 29/12/2016 | Գրքեր / Books | ILL Non-Circ. |
ՀՀ Գիտությունների ազգային ակադեմիայի հիմնարար գիտական գրադարան = Fundamental Scientific Library of NAS RA
All site content, except where otherwise noted, is licensed under a